Countries Closest to Palau - 30 Second Sprint - Statistics

General Stats
  • This quiz has been taken 57 times
  • The average score is 8 of 20
Answer Stats
km country miles % Correct
276 Indonesia 172
71%
423 Micronesia 263
69%
1564 Australia 972
67%
1263 Papua New Guinea 785
53%
2151 Japan 2337
47%
1339 Malaysia 832
44%
3406 Marshall Islands 2117
44%
657 Philippines 408
42%
2116 Taiwan 1315
40%
2529 China 1572
38%
1758 Brunei 1092
33%
3018 Singapore 1875
31%
2882 Solomon Islands 1791
31%
3090 Thailand 1920
29%
1335 Timor-Leste 830
27%
2602 Vietnam 1617
27%
2897 Laos 1800
22%
2799 Cambodia 1739
18%
2956 South Korea 1837
18%
3440 North Korea 2137
4%
No matching quizzes found
Score Distribution
Percent of People with Each Score
Percentile by Number Answered
Your Score History
You have not taken this quiz